000 00482nab a2200145Ia 4500
003 ES-SlBCS
005 20210601133828.0
008 140529s1995 xxu||||| |||| 00| 0 por d
041 _apor
100 1 _aWerneck, Vera Rudge
_9177114
245 0 2 _aA responsabilidade dos modernos meios de comunicaçâo social
_c Vera Rudge Werneck
650 0 4 _aMedios de Comunicación Social
_992091
773 0 _tPresença Filosofica
_gvol. 20, nº. 1-2, 1995, págs. 216-220
_wRev966
942 _cAR
999 _c602781
_d602781